[Event "IECG TE.2002.P.01120 email"]
[Site "IECG email"]
[Date "2002.12.30"]
[Round "?"]
[White "Balza, Fernando"]
[Black "Gonchigsuren, Bor"]
[Result "1/2-1/2"]
[WhiteElo "1982"]
[BlackElo "1000"]
[PlyCount "93"]
[EventDate "2002.12.30"]
[EventType "tourn (corr)"]
[EventRounds "8"]
[SourceTitle "Corr 2008"]
[Source "ChessBase"]
[SourceDate "2008.06.24"]
[SourceVersion "1"]
[SourceVersionDate "2008.06.24"]
[SourceQuality "1"]

1. d4 Nf6 2. c4 c5 3. d5 e6 4. Nc3 d6 5. Nf3 Be7 6. e4 0-0 7. Be2 exd5 8. cxd5 a6 9. 0-0 b5 10. Qc2 Nbd7 11. a3 Qc7 12. Bd2 Bb7 13. Rac1 Rfe8 14. Rfe1 Ng4 15. a4 b4 16. Nd1 Qb6 17. Bf4 f5 18. Nd2 Nge5 19. exf5 Bxd5 20. Ne3 Bf7 21. Ndc4 Qc7 22. Bxe5 Nxe5 23. Nxe5 dxe5 24. Bc4 Bg5 25. Bxf7+ Qxf7 26. Qxc5 a5 27. h3 Qb3 28. Qc4+ Qxc4 29. Rxc4 Rac8 30. Re4 Bxe3 31. R1xe3 Rc1+ 32. Kh2 Rc2 33. b3 Rxf2 34. Rxe5 Rxe5 35. Rxe5 Rb2 36. Rxa5 Rxb3 37. Rb5 Kf7 38. g4 Kf6 39. h4 h6 40. Kg2 Rb1 41. Kf2 b3 42. a5 b2 43. Kg2 Ra1 44. Rxb2 Rxa5 45. Rb6+ Ke5 46. h5 Kf4 47. Rg6 1/2-1/2

[Event "IECG TE.2002.P.01120 email"]
[Site "IECG email"]
[Date "2002.12.30"]
[Round "?"]
[White "Stoever, Ralph"]
[Black "Balza, Fernando"]
[Result "1/2-1/2"]
[WhiteElo "2208"]
[BlackElo "1982"]
[PlyCount "96"]
[EventDate "2002.12.30"]
[EventType "tourn (corr)"]
[EventRounds "8"]
[SourceTitle "Corr 2008"]
[Source "ChessBase"]
[SourceDate "2008.06.24"]
[SourceVersion "1"]
[SourceVersionDate "2008.06.24"]
[SourceQuality "1"]

1. d4 Nf6 2. c4 c5 3. d5 e6 4. Nc3 exd5 5. cxd5 d6 6. e4 g6 7. Nf3 Bg7 8. Be2 0-0 9. 0-0 Re8 10. Nd2 Nbd7 11. a4 Ne5 12. Ra3 a6 13. Re1 Bg4 14. f3 Bc8 15. Nf1 Rb8 16. Bg5 h6 17. Be3 b6 18. Qd2 Kh7 19. h3 Qe7 20. f4 Ned7 21. Bd3 b5 22. axb5 axb5 23. Ra5 c4 24. Bc2 Qd8 25. Rxb5 Nxe4 26. Nxe4 Rxb5 27. Nxd6 Rxb2 28. Nxe8 Qxe8 29. Bd4 Bxd4+ 30. Qxd4 Qxe1 31. Qxb2 c3 32. Qa3 Kg7 33. Qa8 Nb6 34. Qa5 Nc4 35. Qb4 Ba6 36. Bd3 Qa1 37. d6 c2 38. Bxc2 Qd4+ 39. Kh1 Qxd6 40. Qxd6 Nxd6 41. Ne3 Bb7 42. Kh2 g5 43. fxg5 hxg5 44. Nf5+ Nxf5 45. Bxf5 Kf6 46. g4 Ke5 47. Kg3 Bd5 48. h4 gxh4+ 1/2-1/2

[Event "SEMI Modern Defence-A  email"]
[Site "SEMI email"]
[Date "2002.04.10"]
[Round "?"]
[White "Balza, Fernando"]
[Black "Gandolfo, Marco"]
[Result "1-0"]
[WhiteElo "1820"]
[BlackElo "2150"]
[PlyCount "49"]
[EventDate "2002.04.10"]
[EventType "tourn (corr)"]
[EventRounds "8"]
[EventCountry "ITA"]
[SourceTitle "Telechess CBM 097"]
[Source "ChessBase"]
[SourceDate "2003.11.11"]
[SourceVersion "1"]
[SourceVersionDate "2003.11.11"]
[SourceQuality "1"]

1. e4 g6 2. d4 Nf6 3. e5 Nh5 4. Nf3 d6 5. Bc4 d5 6. Bb3 c6 7. 0-0 Ng7 8. Bh6 Bg4 9. h3 Bxf3 10. Qxf3 Ne6 11. Be3 Bg7 12. c3 Na6 13. c4 Nb4 14. cxd5 Nxd5 15. Nc3 Nec7 16. Rac1 0-0 17. Nxd5 cxd5 18. Rc2 e6 19. Rfc1 Na6 20. a3 h6 21. Qg4 Qd7 22. h4 Kh7 23. Rc3 Kh8 24. Qh3 Kh7 25. h5 1-0

[Event "SEMI Modern Defence-A  email"]
[Site "SEMI email"]
[Date "2002.04.10"]
[Round "?"]
[White "Gandolfo, Marco"]
[Black "Balza, Fernando"]
[Result "0-1"]
[WhiteElo "2150"]
[BlackElo "1820"]
[PlyCount "46"]
[EventDate "2002.04.10"]
[EventType "tourn (corr)"]
[EventRounds "8"]
[EventCountry "ITA"]
[SourceTitle "Telechess CBM 097"]
[Source "ChessBase"]
[SourceDate "2003.11.11"]
[SourceVersion "1"]
[SourceVersionDate "2003.11.11"]
[SourceQuality "1"]

1. e4 g6 2. d4 Nf6 3. e5 Nh5 4. Be2 d6 5. Nf3 Nc6 6. exd6 Qxd6 7. c3 Nf4 8. Bf1 Bg7 9. Na3 0-0 10. Be3 Nd5 11. Nc4 Qe6 12. Ng5 Qg4 13. Qd2 b5 14. Be2 Qf5 15. Na3 Nxe3 16. Qxe3 b4 17. Bd3 Qd7 18. Nc2 bxc3 19. bxc3 e5 20. d5 Qxd5 21. Be4 Qc4 22. Qf3 Bf5 23. Bxf5 e4 0-1

[Event "IECG TE.2002.P.01011 email"]
[Site "IECG email"]
[Date "2002.03.28"]
[Round "?"]
[White "Balza, Fernando"]
[Black "Hoogendoorn, Albert"]
[Result "1/2-1/2"]
[WhiteElo "1820"]
[BlackElo "1911"]
[PlyCount "53"]
[EventDate "2002.03.28"]
[EventType "tourn (corr)"]
[EventRounds "12"]
[SourceTitle "Corr 2008"]
[Source "ChessBase"]
[SourceDate "2008.06.24"]
[SourceVersion "1"]
[SourceVersionDate "2008.06.24"]
[SourceQuality "1"]

1. e4 e5 2. Nf3 Nc6 3. Bb5 Bc5 4. 0-0 Nf6 5. c3 0-0 6. d4 Bb6 7. d5 Ne7 8. Bd3 d6 9. Nbd2 c6 10. dxc6 Nxc6 11. Nc4 Bc7 12. Qc2 h6 13. b3 d5 14. exd5 Qxd5 15. Ne3 Qc5 16. a4 e4 17. Bxe4 Nxe4 18. Qxe4 Qxc3 19. Rb1 Be6 20. Nd5 Bxd5 21. Qxd5 Rad8 22. Qc4 Qxc4 23. bxc4 Rd7 24. Be3 Rfd8 25. c5 f5 26. g3 Be5 27. Rb3 1/2-1/2

[Event "IECG TE.2002.P.01011 email"]
[Site "IECG email"]
[Date "2002.03.28"]
[Round "?"]
[White "Balza, Fernando"]
[Black "Jenneborg, Seved"]
[Result "1-0"]
[WhiteElo "1820"]
[BlackElo "1187"]
[PlyCount "75"]
[EventDate "2002.03.28"]
[EventType "tourn (corr)"]
[EventRounds "12"]
[SourceTitle "Corr 2008"]
[Source "ChessBase"]
[SourceDate "2008.06.24"]
[SourceVersion "1"]
[SourceVersionDate "2008.06.24"]
[SourceQuality "1"]

1. e4 e5 2. Nf3 Nc6 3. Bb5 Bc5 4. 0-0 Nf6 5. c3 a6 6. Bxc6 dxc6 7. Nxe5 0-0 8. d4 Ba7 9. Bg5 c5 10. d5 Re8 11. f4 h6 12. Bh4 c6 13. c4 cxd5 14. cxd5 Qd6 15. Qf3 c4+ 16. Bf2 Bxf2+ 17. Rxf2 b5 18. Nc3 Bb7 19. Ne2 Rad8 20. Ng3 Qb6 21. b3 cxb3 22. axb3 Rc8 23. Rd1 Rc2 24. Kf1 Rec8 25. Rxc2 Rxc2 26. Nf5 Rb2 27. b4 g6 28. Nxh6+ Kg7 29. Nhg4 Nxg4 30. Nxg4 Qc7 31. f5 gxf5 32. Qxf5 Qd6 33. Qg5+ Qg6 34. Qe5+ f6 35. Qc7+ Kh8 36. Nf2 Qh5 37. Re1 Qh4 38. Qb8+ 1-0

[Event "IECG TE.2002.P.01011 email"]
[Site "IECG email"]
[Date "2002.03.28"]
[Round "?"]
[White "Jenneborg, Seved"]
[Black "Balza, Fernando"]
[Result "1-0"]
[WhiteElo "1187"]
[BlackElo "1820"]
[PlyCount "57"]
[EventDate "2002.03.28"]
[EventType "tourn (corr)"]
[EventRounds "12"]
[SourceTitle "Corr 2008"]
[Source "ChessBase"]
[SourceDate "2008.06.24"]
[SourceVersion "1"]
[SourceVersionDate "2008.06.24"]
[SourceQuality "1"]

1. e4 e5 2. Nf3 Nc6 3. Bb5 Bc5 4. 0-0 Nf6 5. Nxe5 Nxe5 6. d4 a6 7. Ba4 Nxe4 8. Re1 Be7 9. Rxe4 Ng6 10. c4 0-0 11. Nc3 c6 12. Re1 b5 13. Bc2 bxc4 14. Qe2 Bd6 15. Qxc4 a5 16. Qd3 Ba6 17. Qh3 Bc4 18. Bf5 Be6 19. Bxe6 fxe6 20. Ne4 Nf4 21. Bxf4 Bxf4 22. Qc3 Qh4 23. g3 Qg4 24. h3 Qg6 25. Nc5 Ra7 26. Kg2 Bg5 27. Rad1 Be7 28. a3 Rb7 29. Nxb7 1-0

[Event "IECG TE.2002.P.01011 email"]
[Site "IECG email"]
[Date "2002.03.28"]
[Round "?"]
[White "Klawitter, Bernd"]
[Black "Balza, Fernando"]
[Result "0-1"]
[WhiteElo "1541"]
[BlackElo "1820"]
[PlyCount "58"]
[EventDate "2002.03.28"]
[EventType "tourn (corr)"]
[EventRounds "12"]
[SourceTitle "Corr 2008"]
[Source "ChessBase"]
[SourceDate "2008.06.24"]
[SourceVersion "1"]
[SourceVersionDate "2008.06.24"]
[SourceQuality "1"]

1. e4 e5 2. Nf3 Nc6 3. Bb5 Bc5 4. c3 Nf6 5. 0-0 0-0 6. d4 Bb6 7. Re1 d6 8. Bg5 h5 9. Bxc6 bxc6 10. Na3 Qe8 11. Bxf6 gxf6 12. Qd2 Kh7 13. Nc4 Rg8 14. Nh4 Rg5 15. Re3 Qe6 16. Rg3 Rxg3 17. Nxb6 Rxg2+ 18. Nxg2 axb6 19. a3 f5 20. exf5 Qxf5 21. dxe5 dxe5 22. Qe3 Bb7 23. h3 Rg8 24. Kh2 c5 25. Rg1 Qg6 26. Qg3 Qe4 27. Qxg8+ Kxg8 28. Nf4+ Kh7 29. Nxh5 Qf3 0-1

[Event "IECG CB.2002.0.00033 email"]
[Site "IECG email"]
[Date "2002.03.15"]
[Round "?"]
[White "Balza, Fernando"]
[Black "Brayman, Neal Zvi"]
[Result "1-0"]
[WhiteElo "1820"]
[BlackElo "1847"]
[PlyCount "51"]
[EventDate "2002.03.15"]
[EventType "tourn (corr)"]
[EventRounds "6"]
[SourceTitle "Corr 2008"]
[Source "ChessBase"]
[SourceDate "2008.06.24"]
[SourceVersion "1"]
[SourceVersionDate "2008.06.24"]
[SourceQuality "1"]

1. c4 Nf6 2. Nc3 g6 3. g3 Bg7 4. Bg2 0-0 5. Nf3 c5 6. 0-0 Nc6 7. d3 a6 8. d4 d6 9. dxc5 dxc5 10. Bf4 Bd7 11. Ne5 Nxe5 12. Bxe5 Qc8 13. Qb3 Bc6 14. Nd5 Nxd5 15. Bxg7 Kxg7 16. cxd5 Bb5 17. a4 Bd7 18. Qb6 f5 19. Rfc1 Rf6 20. Qxc5 Qxc5 21. Rxc5 Rb6 22. Rc7 Rd8 23. a5 Rxb2 24. d6 exd6 25. Bxb7 Rxe2 26. Bxa6 1-0

[Event "IECG CB.2002.0.00033 email"]
[Site "IECG email"]
[Date "2002.03.15"]
[Round "?"]
[White "Perez, Maria Jose"]
[Black "Balza, Fernando"]
[Result "1/2-1/2"]
[WhiteElo "1924"]
[BlackElo "1820"]
[PlyCount "44"]
[EventDate "2002.03.15"]
[EventType "tourn (corr)"]
[EventRounds "6"]
[SourceTitle "Corr 2008"]
[Source "ChessBase"]
[SourceDate "2008.06.24"]
[SourceVersion "1"]
[SourceVersionDate "2008.06.24"]
[SourceQuality "1"]

1. d4 Nf6 2. c4 c5 3. d5 e6 4. Nc3 exd5 5. cxd5 d6 6. e4 g6 7. Nf3 Bg7 8. h3 0-0 9. Bd3 a6 10. a4 Nbd7 11. 0-0 Qe7 12. Be3 Re8 13. Re1 b6 14. Qc2 h6 15. Rac1 Nh5 16. Qd2 g5 17. Rb1 Nhf6 18. b4 g4 19. hxg4 Nxg4 20. Bf4 Nde5 21. Be2 Ng6 22. Bg3 Qf6 1/2-1/2

[Event "SEMI A030 email"]
[Site "SEMI email"]
[Date "2002.03.11"]
[Round "?"]
[White "Balza, Fernando"]
[Black "Vilyavin, Roman"]
[Result "0-1"]
[WhiteElo "1820"]
[BlackElo "2148"]
[PlyCount "90"]
[EventDate "2002.03.11"]
[EventType "tourn (corr)"]
[EventRounds "6"]
[EventCountry "ITA"]
[SourceTitle "Corr 2008"]
[Source "ChessBase"]
[SourceDate "2008.06.24"]
[SourceVersion "1"]
[SourceVersionDate "2008.06.24"]
[SourceQuality "1"]

1. c4 f5 2. Nc3 Nf6 3. d4 g6 4. Nf3 Bg7 5. g3 0-0 6. Bg2 d6 7. 0-0 Qe8 8. d5 a5 9. Nd4 Na6 10. b3 Bd7 11. Bb2 g5 12. Qd2 f4 13. gxf4 gxf4 14. Qxf4 Ng4 15. Qg5 h6 16. Qd2 Qh5 17. h3 Nxf2 18. Rxf2 Rxf2 19. Kxf2 Qh4+ 20. Kg1 Bxd4+ 21. e3 Be5 22. Rf1 Bxh3 23. Ne4 Bxg2 24. Qxg2+ Kh8 25. Rf4 Qh5 26. Bxe5+ dxe5 27. Rg4 Qxg4 28. Qxg4 Rg8 29. Qxg8+ Kxg8 30. Kf2 Kf7 31. Kf3 h5 32. a3 b6 33. Kg3 Kg6 34. Kh4 Nc5 35. Nd2 Kf5 36. Kxh5 Ne4 37. Nf1 Nf6+ 38. Kh6 b5 39. Kg7 a4 40. bxa4 bxc4 41. Ng3+ Kg4 42. Ne2 Kf3 43. Nc3 Ne4 44. Na2 Kxe3 45. a5 Nc5 0-1

[Event "IECG QB.2002.0.00016"]
[Site "IECG email"]
[Date "2002.03.07"]
[Round "?"]
[White "Gertners, Gunars"]
[Black "Balza, Fernando"]
[Result "1/2-1/2"]
[WhiteElo "1800"]
[BlackElo "1820"]
[PlyCount "102"]
[EventDate "2002.03.07"]
[EventType "tourn (corr)"]
[EventRounds "6"]
[SourceTitle "Corr 2008"]
[Source "ChessBase"]
[SourceDate "2008.06.24"]
[SourceVersion "1"]
[SourceVersionDate "2008.06.24"]
[SourceQuality "1"]

1. c4 c5 2. Nc3 Nc6 3. g3 g6 4. Bg2 Bg7 5. e3 e6 6. Nge2 Nge7 7. 0-0 0-0 8. d4 cxd4 9. Nxd4 d5 10. cxd5 Nxd4 11. exd4 Nxd5 12. Nxd5 exd5 13. Bf4 Qb6 14. Be5 Qxb2 15. Bxg7 Kxg7 16. Bxd5 Bf5 17. Bg2 Rac8 18. d5 b6 19. Qa4 Bd3 20. Rfd1 Qf6 21. Rac1 Be2 22. Re1 Rxc1 23. Rxc1 Rc8 24. Re1 Bd3 25. Qf4 Qxf4 26. gxf4 Rc2 27. a3 Rd2 28. h4 Bc4 29. Re5 Kf6 30. h5 Rd3 31. hxg6 hxg6 32. Re3 Rd1+ 33. Kh2 Bxd5 34. Bxd5 Rxd5 35. Kg3 b5 36. Rc3 a5 37. Kg4 Ke6 38. Rc6+ Rd6 39. Rc5 Rb6 40. f5+ Kd6 41. Rc2 gxf5+ 42. Kxf5 Kd5 43. Rc7 b4 44. axb4 axb4 45. Rxf7 b3 46. Rd7+ Kc4 47. Rd1 b2 48. Rb1 Kb3 49. f4 Ka2 50. Rh1 b1Q+ 51. Rxb1 Rxb1 1/2-1/2

[Event "IECG QB.2002.0.00016"]
[Site "IECG email"]
[Date "2002.03.07"]
[Round "?"]
[White "McCrea, Philip"]
[Black "Balza, Fernando"]
[Result "1-0"]
[WhiteElo "1800"]
[BlackElo "1820"]
[PlyCount "63"]
[EventDate "2002.03.07"]
[EventType "tourn (corr)"]
[EventRounds "6"]
[SourceTitle "Corr 2008"]
[Source "ChessBase"]
[SourceDate "2008.06.24"]
[SourceVersion "1"]
[SourceVersionDate "2008.06.24"]
[SourceQuality "1"]

1. d4 Nf6 2. c4 c5 3. d5 e6 4. Nf3 exd5 5. cxd5 d6 6. Nc3 g6 7. e4 Bg7 8. Be2 0-0 9. 0-0 Re8 10. Nd2 a6 11. a4 Nbd7 12. Qc2 Ne5 13. Ra3 Nh5 14. Bxh5 gxh5 15. Nd1 h4 16. h3 Rb8 17. b3 b5 18. axb5 axb5 19. Bb2 Bh6 20. Kh1 Qe7 21. Ne3 Bf4 22. Re1 Rb7 23. Ra8 Bd7 24. Nf5 Bxf5 25. Rxe8+ Qxe8 26. exf5 f6 27. Ne4 Qe7 28. Qe2 Kf8 29. Ra1 Rb8 30. Qh5 Nd3 31. Qxh4 Re8 32. f3 1-0

[Event "SEMI A027 email"]
[Site "SEMI email"]
[Date "2001.12.15"]
[Round "?"]
[White "Balza, Fernando"]
[Black "Bascetta, Biagio J"]
[Result "1/2-1/2"]
[WhiteElo "1820"]
[BlackElo "2327"]
[PlyCount "56"]
[EventDate "2001.12.15"]
[EventType "tourn (corr)"]
[EventRounds "6"]
[EventCountry "ITA"]
[SourceTitle "Telechess CBM 097"]
[Source "ChessBase"]
[SourceDate "2003.11.11"]
[SourceVersion "1"]
[SourceVersionDate "2003.11.11"]
[SourceQuality "1"]

1. c4 e6 2. Nc3 f5 3. g3 Nf6 4. Bg2 d5 5. d4 c6 6. Nf3 Bd6 7. c5 Bc7 8. 0-0 0-0 9. b4 Ne4 10. Bb2 Nd7 11. Qb3 Qe8 12. b5 Ndf6 13. Rab1 Bd7 14. a4 Qh5 15. Nxe4 dxe4 16. Ne5 Bxe5 17. dxe5 Nd5 18. f3 f4 19. fxe4 Ne3 20. Rf3 Rad8 21. Bd4 Nxg2 22. Kxg2 fxg3 23. hxg3 Qg6 24. Qd3 Be8 25. Rbf1 Rf7 26. e3 Rxf3 27. Rxf3 h6 28. Rf4 Ra8 1/2-1/2

[Event "SEMI A027 email"]
[Site "SEMI email"]
[Date "2001.12.15"]
[Round "?"]
[White "Ottaviani, Mauro"]
[Black "Balza, Fernando"]
[Result "1-0"]
[WhiteElo "1800"]
[BlackElo "1820"]
[PlyCount "57"]
[EventDate "2001.12.15"]
[EventType "tourn (corr)"]
[EventRounds "6"]
[EventCountry "ITA"]
[SourceTitle "Telechess CBM 097"]
[Source "ChessBase"]
[SourceDate "2003.11.11"]
[SourceVersion "1"]
[SourceVersionDate "2003.11.11"]
[SourceQuality "1"]

1. e4 d6 2. d4 Nf6 3. Nc3 g6 4. Nf3 Bg7 5. Be2 0-0 6. 0-0 c6 7. Re1 Nbd7 8. Bf4 Qc7 9. e5 Nh5 10. Bg5 dxe5 11. Bxe7 Re8 12. d5 Nb6 13. d6 Qb8 14. Nxe5 Bxe5 15. Bxh5 Nc4 16. Rxe5 Nxe5 17. Ne4 Bf5 18. Nf6+ Kg7 19. Nxe8+ Qxe8 20. g4 gxh5 21. gxf5 f6 22. f4 Nd7 23. Qe2 Qf7 24. c4 b5 25. cxb5 Qd5 26. bxc6 Qxc6 27. Qg2+ Qxg2+ 28. Kxg2 Rc8 29. Re1 1-0

[Event "IECG QB.2001.0.00009"]
[Site "IECG email"]
[Date "2001.12.04"]
[Round "?"]
[White "Balza, Fernando"]
[Black "Sherwood, Russell"]
[Result "1-0"]
[WhiteElo "1820"]
[BlackElo "1812"]
[PlyCount "99"]
[EventDate "2001.12.04"]
[EventType "tourn (corr)"]
[EventRounds "6"]
[SourceTitle "Corr 2008"]
[Source "ChessBase"]
[SourceDate "2008.06.24"]
[SourceVersion "1"]
[SourceVersionDate "2008.06.24"]
[SourceQuality "1"]

1. c4 g6 2. Nf3 Bg7 3. d4 d6 4. Nc3 Nf6 5. e4 0-0 6. Be2 e5 7. dxe5 dxe5 8. Qxd8 Rxd8 9. Bg5 c6 10. Nxe5 Re8 11. 0-0-0 Na6 12. f4 h6 13. Bh4 g5 14. Bf2 gxf4 15. Nf3 Ng4 16. Bd4 Ne3 17. Rd2 Bg4 18. Rg1 Rad8 19. Bxg7 Kxg7 20. g3 Rxd2 21. Kxd2 Rd8+ 22. Kc1 fxg3 23. Rxg3 Kh7 24. Nd2 Bxe2 25. Nxe2 Rxd2 26. Kxd2 Nf1+ 27. Kc3 Nxg3 28. Nxg3 Kg6 29. Nf5 Nc5 30. Kd4 Ne6+ 31. Ke5 Nc5 32. Nd6 a5 33. b3 h5 34. h4 Nd7+ 35. Kd4 b6 36. Nf5 Kf6 37. Ng3 Kg6 38. Ne2 f6 39. Nf4+ Kf7 40. Nxh5 Ne5 41. Nf4 Nf3+ 42. Kc3 Nxh4 43. b4 axb4+ 44. Kxb4 Ke7 45. c5 b5 46. Ka5 Nf3 47. Kb6 Nd4 48. Nd3 Kd7 49. Nb4 Nf3 50. Nxc6 1-0

[Event "IECG CB.2001.0.00022 email"]
[Site "IECG email"]
[Date "2001.11.28"]
[Round "?"]
[White "Balza, Fernando"]
[Black "Smyth, Peter"]
[Result "1/2-1/2"]
[WhiteElo "1820"]
[BlackElo "1731"]
[PlyCount "66"]
[EventDate "2001.11.28"]
[EventType "tourn (corr)"]
[EventRounds "6"]
[SourceTitle "Corr 2008"]
[Source "ChessBase"]
[SourceDate "2008.06.24"]
[SourceVersion "1"]
[SourceVersionDate "2008.06.24"]
[SourceQuality "1"]

1. c4 g6 2. Nf3 Bg7 3. Nc3 d6 4. d4 Nf6 5. e4 0-0 6. e5 dxe5 7. Nxe5 c5 8. dxc5 Qa5 9. Qf3 Nbd7 10. Nxd7 Bxd7 11. Bd2 Qxc5 12. Qe3 Qxe3+ 13. Bxe3 Rfd8 14. Rc1 h5 15. f3 Be6 16. b3 a6 17. Be2 h4 18. 0-0 Rac8 19. Na4 Nd7 20. h3 Rb8 21. Nc3 Be5 22. f4 Bc7 23. Bf3 b6 24. Rfd1 Bd6 25. Nd5 Bxd5 26. cxd5 Bc5 27. Bxc5 bxc5 28. d6 e6 29. Bc6 Rb4 30. Bxd7 Rxd7 31. Rxc5 Rb6 32. Kf2 Rbxd6 33. Rxd6 Rxd6 1/2-1/2